The Beggers, Vagabonds, Orphan Children, Widows, Street Dwellers and Prostitutes in Madras Under British Colonial Rule, 1787-1947/ (Record no. 216502)

MARC details
000 -LEADER
fixed length control field 00717nam a2200193 4500
005 - DATE AND TIME OF LATEST TRANSACTION
control field 20260604145743.0
010 ## - LCCN (DPL NO)
LC control number ENG-148769
020 ## - INTERNATIONAL STANDARD BOOK NUMBER
International Standard Book Number 9788199871373
Terms of availability 150.00
035 ## - SYSTEM CONTROL NUMBER
System control number EN-132301
037 ## - SOURCE OF ACQUISITION
Source of stock number/acquisition DBAD
082 ## - DEWEY DECIMAL CLASSIFICATION NUMBER
Classification number 618.9289
Edition number 1
100 ## - MAIN ENTRY--PERSONAL NAME
Personal name Stephen, S. Jeyaseela
245 ## - TITLE STATEMENT
Title The Beggers, Vagabonds, Orphan Children, Widows, Street Dwellers and Prostitutes in Madras Under British Colonial Rule, 1787-1947/
Statement of responsibility, etc S. Jeyaseela Stephen
250 ## - EDITION STATEMENT
Edition statement 1
260 ## - PUBLICATION, DISTRIBUTION, ETC. (IMPRINT)
Place of publication, distribution, etc Chennai
Name of publisher, distributor, etc New Century Book House (P) Ltd.
Date of publication, distribution, etc 2026
270 ## - ADDRESS
Address 41-B, SIDCO Industrial Estate, Ambattur
City Chennai
Postal code 600050
Telephone number 04426251968
Electronic mail address info@ncbh.in
300 ## - PHYSICAL DESCRIPTION
Extent 150p.
Dimensions 21cm(pb)
942 ## - ADDED ENTRY ELEMENTS (KOHA)
Source of classification or shelving scheme Dewey Decimal Classification
Item type English Books
Classification part 618.9289
Call number suffix STE
Edition 1
Holdings
Withdrawn status Lost status Not for loan Collection code Home library Current library Date acquired Source of acquisition Cost, normal purchase price Full call number Barcode Copy number Cost, replacement price Koha item type
      Non-fiction R.K.Puram-8 R.K.Puram-8 04/06/2026 Delivery of Books Act Division 150.00 618.9289 STE EN-132301 1 150.00 English Books

© Delhi Public Library
Hit Counter
free hit counter